000 00644cam a22001931 4500
001 af 50000084
003 DLC
005 20260227110919.0
008 790130s1934 xx 000 0 ger c
010 _aaf 50000084
035 _a(OCoLC)4601824
040 _aHarvard Univ. Library
_cOCl
_dDLC
050 0 0 _aDD231.H5
_bB6
100 1 _aBöttiger,Theodor.
245 0 0 _aUnser Hindenburg;
_bder grosse Soldat und Reichspräsident im Bilde.
_cMit einer Würdigung der Persönlichkeit Hindenburgs.
260 _aBerlin,
_bJunge Generation
_c[1934]
300 _a[70] p. (chiefly illus., ports.)
_c22 cm.
600 1 0 _aHindenburg, Paul von,
_d1847-1934.
999 _c6946
_d6946